Nové trendy v rozvoji informačných systémov firiem

Sučasný stav a hlavné problémy pri vytváraní a využívaní informačných systémov firiem. Hlavné trendy v rozvoji informačných systémov firiem. Rozvoj manažérskych informačných systémov pre vrcholový manažment podnikov.

Guardado en:
Detalles Bibliográficos
Autor principal: Čarnický, Štefan
Otros Autores: Mizla, Martin, 1955-
Formato: Capítulo de libro
Lenguaje:eslovaco
Materias:
Etiquetas: Agregar Etiqueta
Sin Etiquetas, Sea el primero en etiquetar este registro!

MARC

LEADER 00000naa$a2200000$$$4500
001 0100255
005 20240502072111.5
041 0 |a slo 
044 |a SK 
245 1 0 |a Nové trendy v rozvoji informačných systémov firiem  |c Štefan Čarnický, Martin Mizla 
520 |a Sučasný stav a hlavné problémy pri vytváraní a využívaní informačných systémov firiem. Hlavné trendy v rozvoji informačných systémov firiem. Rozvoj manažérskych informačných systémov pre vrcholový manažment podnikov. 
610 2 0 |a systémy informačné 
610 2 0 |a systémy informačné podnikové 
610 2 0 |a manažéri 
610 2 0 |a výhody konkurenčné 
610 2 0 |a riadenie podnikové 
100 1 |a Čarnický, Štefan 
700 1 |a Mizla, Martin, 1955-